| 000 | 00551nam a2200157 a 4500 | ||
|---|---|---|---|
| 001 | 000035774 | ||
| 005 | 20200930074611.0 | ||
| 008 | 111110s2000 dr 000 0 spa d | ||
| 040 |
_aDO-SdBNP _bspa _cBNPHU |
||
| 245 | 0 | 0 |
_aAsegurando el futuro en una economía globalizada / _cFerranti, David...[et.al]. |
| 260 |
_aWashington : _bBanco Mundial, _c2000. |
||
| 300 |
_a141 p. : _bil., gráf. ; _c28 cm. |
||
| 504 | _aBibliografía p. 135 - 141 | ||
| 500 | _aEstudios del Banco Mundial sobre América Latina y El Caribe | ||
| 700 | 1 |
_aFerranti, David _961721 |
|
| 999 |
_c35265 _d35265 |
||